000
00331nam a2200133Ia 4500
008
240624s9999 xx 000 0 und d
041
_a
eng
082
_a
368.014 SEE
100
_a
SEETHAPATHI K
245
_a
CLAIMS MANAGEMENT V
260
_c
2003
_a
Hyderabad
_b
ICFAI University
300
_a
ix, : 182 : p. : cm. ; 23
365
_c
RS
999
_c
2811
_d
2811